Reviews of environmental contamination and toxicology. Vol. 184 /

Bibliographic Details
Main Author: Ware, George Whitaker, 1927-
Corporate Author: SpringerLink (Online service)
Format: eBook
Language:English
Published: New York ; London : Springer, 2005.
Subjects:
Online Access:Connect to the full text of this electronic book

MARC

Tag First Indicator Second Indicator Subfields
LEADER 00000cam a2200000Ia 4500
001 in00002467983
005 20210817090721.0
006 m d
007 cr cn|||||||||
008 080226s2005 nyua fs 000 0 eng d
020 |a 0387275657 
020 |a 9780387275659 
035 |a (OCoLC)209820486 
035 |a (OCoLC)ocn209820486 
037 |a 978-0-387-22398-8  |b Springer  |n http://www.springerlink.com 
040 |a GW5XE  |c GW5XE  |d GW5XE  |d UtOrBLW 
049 |a TEFA 
050 1 4 |a TD174  |b .W37 2005eb 
082 0 4 |a 363.73  |2 22 
100 1 |a Ware, George Whitaker,  |d 1927-  |0 http://id.loc.gov/authorities/names/n80158789 
245 1 0 |a Reviews of environmental contamination and toxicology.  |n Vol. 184 /  |c G. Ware. 
264 1 |a New York ;  |a London :  |b Springer,  |c 2005. 
300 |a 245 pages :  |b illustrations 
336 |a text  |b txt  |2 rdacontent 
337 |a computer  |b c  |2 rdamedia 
338 |a online resource  |b cr  |2 rdacarrier 
500 |a Electronic resource. 
533 |a Electronic reproduction.  |b New York :  |c Springer,  |d 2008.  |n Mode of access: World Wide Web.  |n System requirements: Web browser.  |n Title from title screen (viewed on Jan. 30, 2008).  |n Access may be restricted to users at subscribing institutions. 
650 0 |a Environmental toxicology.  |0 http://id.loc.gov/authorities/subjects/sh96003462 
650 0 |a Pollution.  |0 http://id.loc.gov/authorities/subjects/sh85104530 
655 7 |a Electronic books.  |2 local 
710 2 |a SpringerLink (Online service)  |0 http://id.loc.gov/authorities/names/no2005046756 
776 1 |c Original  |z 0387223983  |z 9780387223988  |w (OCoLC)57354074 
856 4 0 |u http://proxy.library.tamu.edu/login?url=https://dx.doi.org/10.1007/0-387-27565-7  |z Connect to the full text of this electronic book  |t 0 
994 |a C0  |b TEF 
999 |a MARS 
999 f f |s f7102318-260d-31b3-a33d-000b53a826a4  |i e534eeac-08d8-30bc-a96f-abb14185e16a  |t 0 
952 f f |a Texas A&M University  |b College Station  |c Electronic Resources  |d Available Online  |t 0  |e TD174 .W37 2005eb  |h Library of Congress classification 
998 f f |a TD174 .W37 2005eb  |t 0  |l Available Online